00391cam a22001217a 4500008004000000082002900040100002500069245003900094260005200133300000900185440005800194650001700252180718b2011 xxu||||| |||| 00| 0 eng d aA81x54 011/31/Pap 1/2011 aCensus of India 2011 aGoa: provisional population totals aMiramarbDirectorate of Census Operationsc2011 a56p. aCensus of India 2011. Series-31, Goa. Paper 1 of 2011 aGoa - Census